000 00441nam a2200169 a 4500
001 0000-9236
003 ELIB.Books
008 110520 1975
035 _a(ELIB.Books)0000-9388
082 _aR
_bWeb
100 _aWebster, A. Merriam
245 _aWebster's New Elementary Dictionary
260 _bNew York: A Wallaby Book Published
_c1975
650 _aReference
942 _2ddc
_cBK
998 _cbat
_e2011-05-20
999 _c9236
_d9236